LEADER 03002nam 2200565 450 001 9910466441203321 005 20200520144314.0 010 $a3-11-042339-1 024 7 $a10.1515/9783110427226 035 $a(CKB)3710000001123462 035 $a(MiAaPQ)EBC4830556 035 $a(DE-B1597)451686 035 $a(OCoLC)984684247 035 $a(DE-B1597)9783110427226 035 $a(Au-PeEL)EBL4830556 035 $a(CaPaEBR)ebr11365997 035 $a(OCoLC)980786766 035 $a(EXLCZ)993710000001123462 100 $a20170410h20172017 uy 0 101 0 $ager 135 $aurcnu|||||||| 181 $2rdacontent 182 $2rdamedia 183 $2rdacarrier 200 10$aWortbildung des heutigen Franzo?sisch /$fFrank Paulikat 210 1$aBerlin, [Germany] ;$aBoston, [Massachusetts] :$cDe Gruyter,$d2017. 210 4$d©2017 215 $a1 online resource (232 pages) 225 0 $aRomanistische Arbeitshefte ;$v66 311 $a3-11-042721-4 311 $a3-11-042722-2 320 $aIncludes bibliographical references and index. 327 $tFrontmatter -- $tVorwort -- $tInhalt -- $tAbkürzungen und typographische Konventionen -- $t1. Grundlagen -- $t2. Wortbildungsmuster und -kategorien des Französischen -- $t3. Wortbildung in Varietäten des Französischen -- $t4. Kurze Geschichte der französischen Wortbildung -- $t5. Literaturverzeichnis -- $t6. Indizes 330 $aDie auf die Wortbildung des Französischen ausgerichtete Einführung behandelt neben der synchronen Analyse auch innovative Aspekte des Themenbereichs. Berücksichtigt sind die bisher nicht systematisch dargestellte Spezifik der fachsprachlichen Wortbildung sowie die Deonomastik, die Gegenstand umfangreicher Forschungsprojekte in der Romanistik ist. Darüber hinaus wird die Wortbildung in ihrer diatopischen und diastratischen Variation untersucht. Die angeführten Beispiele entstammen der Auswertung aktueller lexikographischer und korpuslinguistischer Quellen zum Französischen. Entsprechend werden anwendungsbezogene Möglichkeiten der linguistischen Korpusanalyse mit Hilfe der neuen Medien eingebracht. 330 $aThis volume covers the synchronal analysis as well as innovative aspects of French word formation. It systematically incorporates the previously neglected area of technical word formation and deonomastics. In addition, it examines diatopic and diastratic variations in French word formation, making applied use of linguistic corpus analysis through new media. 606 $aFrench language$xWord formation 606 $aNames, French 608 $aElectronic books. 615 0$aFrench language$xWord formation. 615 0$aNames, French. 676 $a445/.92 686 $aID 4380$2rvk 700 $aPaulikat$b Frank$01046014 801 0$bMiAaPQ 801 1$bMiAaPQ 801 2$bMiAaPQ 906 $aBOOK 912 $a9910466441203321 996 $aWortbildung des heutigen Franzo?sisch$92472664 997 $aUNINA LEADER 02103nam0 22004093i 450 001 LO10089766 005 20251003044207.0 020 $aIT$b64-12850 100 $a19920609d1964 ||||0itac50 ba 101 | $aita 102 $ait 181 1$6z01$ai $bxxxe 182 1$6z01$an 183 1$6z01$anc$2RDAcarrier 200 1 $aˆL'‰università e la Comunità europea$fUmberto Gori$ginchiesta effettuata dalla S.I.O.I. nelle universita italiane per incarico del Servizio stampa e informazione delle Comunita europeee, Ufficio per l'Italia 210 $aPadova$cCEDAM$d1964 215 $a188 p.$d24 cm. 225 | $aPubblicazioni della Società italiana per l'organizzazione internazionale$i. Documenti 314 $ainchiesta effettuata dalla$9CFIV006618 410 0$1001CFI0056163$12001 $aPubblicazioni della Società italiana per l'organizzazione internazionale$i. Documenti$171202$aSocietà italiana per l'organizzazione internazionale$3CFIV006618 606 $aUniversità$xEuropa$2FIR$3CFIC035490$9E 676 $a378$9EDUCAZIONE SUPERIORE$v23 686 $a3171.2$cPIANO SCHUMAN CECA CEE EUROPA UNITA 1945-1968$2R 686 $aIT/3427.6$cUNIVERSITA ITALIA 1945-1968$2R 700 1$aGori$b, Umberto$f <1932- >$3RT1V014860$4070$01264448 712 02$aSocietà italiana per l'organizzazione internazionale$3CFIV006618 791 02$aItalian society for international organization$3CFIV123616$zSocietà italiana per l'organizzazione internazionale 791 02$aS.I.O.I$c $3CFIV226697$zSocietà italiana per l'organizzazione internazionale 801 3$aIT$bIT-000000$c19920609 850 $aIT-BN0095 $aIT-NA0581 901 $bNAP 01$cD $n$ 901 $bNAP FC$cFONDO $n$ 912 $aLO10089766 950 0$aBiblioteca Centralizzata di Ateneo$d 01D (AR) 4 071$e 01AR 0070040715 VMA A4 1 v.$fY $h20221124$i20221124 977 $a 01$a FC 996 $aUniversità e la Comunità europea$92964691 997 $aUNISANNIO